[Event "European Blitz 2015"]
[Site "Minsk BLR"]
[Date "2015.12.18"]
[Round "9.11"]
[White "Savchenko, Boris"]
[Black "Shtembuliak, Evgeny"]
[Result "1/2-1/2"]
[WhiteTitle "GM"]
[BlackTitle "FM"]
[WhiteElo "2612"]
[BlackElo "2420"]
[WhiteFideId "4147332"]
[BlackFideId "14113325"]
[EventDate "2015.12.18"]
[EventType "swiss (blitz)"]

1. e4 e6 2. d4 d5 3. Nc3 Nc6 4. Nf3 Nf6 5. e5 Ne4 6. Bd3 Bb4 7. Bd2 Nxd2 8. Qxd2
Bd7 9. O-O Be7 10. Ne2 Nb4 11. Nf4 Nxd3 12. cxd3 g6 13. g3 b6 14. h4 c5 15. Rac1
Rc8 16. Kg2 Bb5 17. Rh1 h6 18. Ne2 Kd7 19. Rc3 Rc7 20. Qf4 Qg8 21. Rhc1 g5 22.
hxg5 hxg5 23. Qg4 Qg6 24. dxc5 bxc5 25. Rd1 Qh5 26. Qxh5 Rxh5 27. Rb3 Ba4 28.
Nd2 g4 29. f4 gxf3+ 30. Nxf3 Bxb3 31. axb3 Rb7 32. Ra1 Rh8 33. Nd2 Rg8 34. Rf1
Rg7 35. Ra1 Rg5 36. Nf3 Rg7 37. Nd2 Bd8 38. Ra6 Bb6 39. Ra4 Rb8 40. Rh4 Rbg8 41.
Nf3 a5 42. Rh5 Kc6 43. Rh6 Bc7 44. Rh4 Rg6 45. Rh7 R6g7 46. Rh6 Bd8 47. Rh5 Kd7
48. Rh1 f6 49. Rh6 fxe5 50. Nxe5+ Kd6 51. Nf3 Rg6 52. Rh7 Bc7 53. Kf2 Kc6 54.
Rh3 Rf8 55. Kg2 Rgf6 56. Neg1 e5 57. Rh4 Rg8 58. Ne2 Rgf8 59. Neg1 Re8 60. Ne2
e4 61. dxe4 Rxe4 62. Rxe4 dxe4 63. Nd2 e3 64. Ne4 Rf8 65. g4 Kd5 66. N4c3+ Ke6
67. Nc1 Rf2+ 68. Kg1 Rxb2 69. Nd3 Rc2 70. Ne4 Kd5 71. Ng5 Kd4 72. Ne1 Rc1 73.
Kg2 Rd1 74. Ngf3+ Ke4 75. g5 Be5 76. Kf1 Bc3 77. Ke2 Ra1 78. g6 Ra2+ 79. Kd1 e2+
80. Kc1 Bxe1 81. Nxe1 Ke3 82. g7 Ra1+ 83. Kb2 Rxe1 84. g8=Q Rb1+ 85. Kxb1 e1=Q+
86. Ka2 Qd2+ 87. Ka3 Qb4+ 88. Ka2 Qd2+ 89. Ka3 Qb4+ 90. Ka2 Qd2+ 91. Ka3 Qb4+
92. Ka2 a4 93. Qe8+ Kd2 94. Qxa4 Qxa4+ 95. bxa4 c4 96. a5 c3 97. a6 c2 98. a7
c1=Q 99. a8=Q 1/2-1/2

[Event "European Blitz 2015"]
[Site "Minsk BLR"]
[Date "2015.12.18"]
[Round "9.12"]
[White "Belyakov, Bogdan"]
[Black "Belous, Vladimir"]
[Result "1-0"]
[WhiteTitle "IM"]
[BlackTitle "GM"]
[WhiteElo "2511"]
[BlackElo "2557"]
[WhiteFideId "24104795"]
[BlackFideId "4174003"]
[EventDate "2015.12.18"]
[EventType "swiss (blitz)"]

1. e4 c5 2. c3 Nf6 3. e5 Nd5 4. Bc4 Nb6 5. Bb3 c4 6. Bc2 Nc6 7. Nf3 d6 8. exd6
Qxd6 9. O-O Bg4 10. h3 Bh5 11. Re1 O-O-O 12. Na3 e5 13. b3 Qf6 14. Nxc4 Nd5 15.
Bb2 Nf4 16. Be4 Nd3 17. Re3 Nxb2 18. Nxb2 Bc5 19. Re2 Qf4 20. d4 exd4 21. Nd3
Qd6 22. Nxc5 Qxc5 23. cxd4 Nxd4 24. Nxd4 Qxd4 25. Rc2+ Kb8 26. Qxd4 Rxd4 27. f3
Rf8 28. Rac1 Bg6 29. Bxg6 hxg6 30. Rc7 Rf4 31. Re7 Rc8 32. Rd1 a6 33. Rdd7 Rb4
34. Rxf7 Rc1+ 35. Kh2 Rc2 36. Rxg7 Rxa2 37. Rxg6 Rxb3 38. h4 Rxf3 39. h5 Rf5 40.
h6 Ra3 41. h7 Rh5+ 42. Kg1 Ra1+ 43. Kf2 Rah1 44. Rgg7 a5 45. Rxb7+ Ka8 46. Rbf7 1-0

[Event "European Blitz 2015"]
[Site "Minsk BLR"]
[Date "2015.12.18"]
[Round "9.13"]
[White "Roiz, Michael"]
[Black "Ladva, Ottomar"]
[Result "0-1"]
[WhiteTitle "GM"]
[BlackTitle "IM"]
[WhiteElo "2594"]
[BlackElo "2401"]
[WhiteFideId "2804158"]
[BlackFideId "4500024"]
[EventDate "2015.12.18"]
[EventType "swiss (blitz)"]

1. d4 Nf6 2. c4 e6 3. Nf3 d5 4. e3 c5 5. cxd5 exd5 6. Bb5+ Nc6 7. O-O Bd6 8.
dxc5 Bxc5 9. b3 O-O 10. Bb2 Bg4 11. Bxc6 bxc6 12. Nbd2 Bd6 13. Qc2 c5 14. Be5
Rc8 15. Bxd6 Qxd6 16. Rac1 Rfd8 17. Rfe1 Bh5 18. Qc3 h6 19. h3 Bg6 20. Qb2 Ne4
21. Red1 Qb6 22. Nxe4 Bxe4 23. Nd2 Bf5 24. Nf1 d4 25. Rd2 Be6 26. Rcd1 c4 27.
bxc4 Qxb2 28. Rxb2 Rxc4 29. a3 Ra4 30. Rxd4 Rdxd4 31. exd4 Rxd4 32. Ne3 Ra4 33.
Nc2 Bf5 34. Ne3 Be6 35. Nc2 g6 36. f3 Bf5 37. Ne3 Be6 38. Nc2 Kg7 39. Kf2 Bf5
40. Ne3 Rxa3 41. Nxf5+ gxf5 42. Kg3 Ra4 43. Rb5 Kg6 44. h4 h5 45. Rc5 f4+ 46.
Kf2 Ra2+ 47. Kf1 a5 48. Rg5+ Kh6 49. Rf5 a4 50. Kg1 a3 51. Kh2 Rb2 52. Rxf4 a2
53. Ra4 Kg6 54. Kh3 Kf6 55. g4 hxg4+ 56. Kxg4 Ke5 57. Ra5+ Kd4 58. h5 Kc3 59.
Kg5 Rb5+ 60. Rxb5 a1=Q 61. Rf5 Qc1+ 62. Kf6 Qh6+ 63. Kxf7 Kd4 64. Ke7 Ke3 65.
Kf7 Kf2 66. Ke7 Kg3 67. Kf7 Qd6 68. Kg7 Qe7+ 69. Kg6 Qe6+ 70. Kg5 Qg8+ 71. Kf6
Kh4 72. Ke5 Qg7+ 73. Ke6 Qg8+ 74. Ke5 Qh7 75. Kf6 Qd7 76. Ke5 Qe7+ 77. Kd5 Kg3
78. Kd4 Qd6+ 79. Ke4 Qe6+ 80. Re5 Qf6 81. Rf5 Qe6+ 82. Re5 Qc6+ 83. Rd5 Qc4+ 84.
Rd4 Qe6+ 85. Kd3 Kxf3 86. Rc4 Qd5+ 87. Rd4 Qxh5 88. Kc4 Qe5 89. Rd5 Qe6 90. Kd4
Kf4 91. Rc5 Qd6+ 92. Rd5 Qb6+ 93. Kc4 Ke4 94. Rb5 Qe6+ 95. Kc5 Qd5+ 96. Kb4 Qd4+
97. Kb3 Kd3 98. Rb4 Qd5+ 99. Kb2 Kd2 100. Rb3 Qd4+ 101. Kb1 Qc4 102. Ra3 Qb4+
103. Ka2 Kc2 0-1

[Event "European Blitz 2015"]
[Site "Minsk BLR"]
[Date "2015.12.18"]
[Round "9.16"]
[White "Inarkiev, Ernesto"]
[Black "Loginov, Valery A"]
[Result "1/2-1/2"]
[WhiteTitle "GM"]
[BlackTitle "GM"]
[WhiteElo "2668"]
[BlackElo "2486"]
[WhiteFideId "4162722"]
[BlackFideId "4126297"]
[EventDate "2015.12.18"]
[EventType "swiss (blitz)"]

1. d4 Nf6 2. c4 e6 3. Nf3 b6 4. g3 Ba6 5. Qc2 c5 6. d5 exd5 7. cxd5 d6 8. Nc3 g6
9. Bg2 Bg7 10. O-O O-O 11. a4 Nbd7 12. Re1 Ng4 13. b3 Qe7 14. Bb2 f5 15. e3 Nde5
16. Nxe5 Nxe5 17. Nb5 Bb7 18. h3 a6 19. Na3 Rab8 20. f4 Nd7 21. e4 Bxb2 22. Qxb2
fxe4 23. Bxe4 Qf6 24. Qd2 Bc8 25. Nc4 b5 26. axb5 axb5 27. Na5 Ra8 28. Ra2 c4
29. b4 Nb6 30. Bg2 c3 31. Qf2 Na4 32. Nc6 Bd7 33. Rae2 Rae8 34. Kh2 Rxe2 35.
Rxe2 Re8 36. Be4 Nb2 37. Bc2 Nc4 38. Rxe8+ Bxe8 39. g4 g5 40. Kg3 Bf7 41. fxg5
Qxf2+ 42. Kxf2 Kg7 43. Ne7 Kf8 44. Nf5 Bxd5 45. Ke2 Bg2 46. h4 d5 47. h5 Ne5 48.
Ne3 Be4 49. Bxe4 dxe4 50. Kd1 Ke7 51. Kc2 Nf3 52. g6 hxg6 53. hxg6 Kf6 54. Kxc3
Kxg6 55. Nf5 Kg5 56. Nd6 e3 57. Kd3 Ne5+ 58. Kxe3 Kxg4 59. Nxb5 Nc6 60. Ke4 1/2-1/2

[Event "European Blitz 2015"]
[Site "Minsk BLR"]
[Date "2015.12.18"]
[Round "9.17"]
[White "Matinian, Nikita"]
[Black "Landa, Konstantin"]
[Result "1-0"]
[WhiteTitle "IM"]
[BlackTitle "GM"]
[WhiteElo "2470"]
[BlackElo "2625"]
[WhiteFideId "24129100"]
[BlackFideId "4101685"]
[EventDate "2015.12.18"]
[EventType "swiss (blitz)"]

1. e4 c5 2. Nf3 e6 3. d4 cxd4 4. Nxd4 a6 5. Nc3 b5 6. Bd3 Qb6 7. Nb3 Qc7 8. O-O
Bb7 9. f4 b4 10. Ne2 Nf6 11. e5 Nd5 12. c4 bxc3 13. Nxc3 Nxc3 14. bxc3 Bc5+ 15.
Nxc5 Qxc5+ 16. Kh1 O-O 17. Rb1 Bd5 18. c4 Bxc4 19. Qc2 Rc8 20. Bxh7+ Kh8 21. Rf3
Bxa2 22. Qxa2 Kxh7 23. Be3 Qc2 24. Qa1 Nc6 25. Rc1 Qe4 26. Re1 Kg8 27. Bf2 Qc2
28. f5 exf5 29. Rg3 g6 30. Be3 Nb4 31. e6 dxe6 32. Bh6 e5 33. Qxe5 1-0

[Event "European Blitz 2015"]
[Site "Minsk BLR"]
[Date "2015.12.18"]
[Round "9.18"]
[White "Konenkin, Dmitry"]
[Black "Rozum, Ivan"]
[Result "1-0"]
[WhiteTitle "FM"]
[BlackTitle "GM"]
[WhiteElo "2243"]
[BlackElo "2559"]
[WhiteFideId "4185781"]
[BlackFideId "24104272"]
[EventDate "2015.12.18"]
[EventType "swiss (blitz)"]

1. d4 Nf6 2. Bg5 e6 3. Nd2 h6 4. Bh4 d5 5. e3 Be7 6. Ngf3 c5 7. c3 Nbd7 8. Bd3
b6 9. Ne5 Nxe5 10. dxe5 Nd7 11. Bg3 Bb7 12. O-O Qc7 13. f4 O-O-O 14. Qa4 Kb8 15.
b4 f5 16. Ba6 cxb4 17. cxb4 Qc3 18. Bxb7 Kxb7 19. Rac1 Qxd2 20. Qc6+ Kb8 21.
Qc7+ Ka8 22. Qc6+ Kb8 23. Qc7+ Ka8 24. Qc6+ 1-0

[Event "European Blitz 2015"]
[Site "Minsk BLR"]
[Date "2015.12.18"]
[Round "9.19"]
[White "Stupak, Kirill"]
[Black "Smirin, Ilia"]
[Result "1/2-1/2"]
[WhiteTitle "GM"]
[BlackTitle "GM"]
[WhiteElo "2542"]
[BlackElo "2658"]
[WhiteFideId "13503758"]
[BlackFideId "2801990"]
[EventDate "2015.12.18"]
[EventType "swiss (blitz)"]

1. d4 Nf6 2. g3 d5 3. Nf3 c5 4. Bg2 Nc6 5. O-O cxd4 6. Nxd4 e5 7. Nxc6 bxc6 8.
c4 e4 9. Nc3 Be6 10. Qa4 Qd7 11. Rd1 Rd8 12. Nxe4 Nxe4 13. Bxe4 Bc5 14. cxd5
cxd5 15. Qxd7+ Rxd7 16. Bf3 O-O 17. Bf4 d4 18. Rac1 Bb6 19. b3 Rfd8 20. Kg2 h6
21. h4 d3 22. Bc6 dxe2 23. Rxd7 Bxd7 24. Bxd7 Ba5 25. Bc7 Bxc7 26. Bg4 Rd2 27.
Bxe2 Bb6 28. Kf3 Rxa2 29. Rc8+ Kh7 30. h5 g6 31. hxg6+ fxg6 1/2-1/2

[Event "European Blitz 2015"]
[Site "Minsk BLR"]
[Date "2015.12.18"]
[Round "9.20"]
[White "Potapov, Pavel"]
[Black "Jobava, Baadur"]
[Result "0-1"]
[WhiteTitle "IM"]
[BlackTitle "GM"]
[WhiteElo "2476"]
[BlackElo "2673"]
[WhiteFideId "4169786"]
[BlackFideId "13601520"]
[EventDate "2015.12.18"]
[EventType "swiss (blitz)"]

1. e4 e6 2. d4 d5 3. Nd2 Bd7 4. Ngf3 dxe4 5. Nxe4 Bc6 6. Bd3 Nd7 7. O-O Ngf6 8.
Nxf6+ Qxf6 9. c3 Bxf3 10. Qxf3 Qxf3 11. gxf3 Bd6 12. c4 c5 13. Be4 O-O-O 14. Be3
f5 15. dxc5 Bxc5 16. Bc2 Bxe3 17. fxe3 Ne5 18. Bb3 Rd2 19. c5 Re8 20. Rf2 Kc7
21. f4 Rxf2 22. Kxf2 Nd3+ 23. Ke2 Nxc5 24. Rc1 Kb6 25. Bc4 Rd8 26. b4 Ne4 27.
Bd3 Nf6 28. a4 a5 29. bxa5+ Kxa5 30. Rb1 Rd7 31. Bb5 Rc7 32. Rd1 Nd5 33. Kf3 Rc3
34. Re1 b6 35. Bd7 Nc7 36. Rd1 g6 37. h4 Nd5 38. Re1 Nb4 39. Bxe6 Nc2 0-1

[Event "European Blitz 2015"]
[Site "Minsk BLR"]
[Date "2015.12.18"]
[Round "9.21"]
[White "Zubov, Alexander"]
[Black "Shkapenko, Pavel"]
[Result "0-1"]
[WhiteTitle "GM"]
[BlackTitle "IM"]
[WhiteElo "2601"]
[BlackElo "2407"]
[WhiteFideId "14109409"]
[BlackFideId "4151933"]
[EventDate "2015.12.18"]
[EventType "swiss (blitz)"]

1. d4 Nf6 2. c4 e6 3. Nf3 Bb4+ 4. Bd2 Qe7 5. g3 Nc6 6. Nc3 Bxc3 7. Bxc3 Ne4 8.
Rc1 d6 9. d5 Nxc3 10. Rxc3 Nb8 11. dxe6 fxe6 12. Bg2 O-O 13. O-O Nd7 14. Nd4 Nf6
15. Rb3 d5 16. Re3 Qf7 17. Nf3 Qh5 18. Re5 Qg4 19. b3 h6 20. Qc2 Ne4 21. cxd5
exd5 22. Qxc7 Nf6 23. Re7 Ne8 24. Qe5 Nf6 25. Nd4 Rd8 26. Rc1 Qg6 27. Rcc7 0-1

[Event "European Blitz 2015"]
[Site "Minsk BLR"]
[Date "2015.12.18"]
[Round "9.22"]
[White "Johannessen, Leif Erlend"]
[Black "Bocharov, Dmitry"]
[Result "1-0"]
[WhiteTitle "GM"]
[BlackTitle "GM"]
[WhiteElo "2487"]
[BlackElo "2558"]
[WhiteFideId "1501674"]
[BlackFideId "4138716"]
[EventDate "2015.12.18"]
[EventType "swiss (blitz)"]

1. d4 Nf6 2. c4 e6 3. Nf3 b6 4. g3 Ba6 5. Qb3 Nc6 6. Nbd2 Bb7 7. e4 d5 8. cxd5
exd5 9. e5 Ne4 10. Bg2 Be7 11. O-O O-O 12. Re1 Nxd2 13. Bxd2 Qd7 14. h4 Nd8 15.
Qd3 Ne6 16. b4 c5 17. bxc5 bxc5 18. Bh3 h6 19. dxc5 Nxc5 20. Qf1 Qa4 21. Be3
Rad8 22. Nd4 Rfe8 23. e6 Bf6 24. exf7+ Kxf7 25. Rad1 Ne4 26. Bg4 Bc8 27. Bxc8
Rxc8 28. Rd3 Rc3 29. Rb1 Re7 30. Nf5 Rd7 31. Rxc3 Nxc3 32. Rb8 Qe4 33. Qh3 Qe6
34. h5 d4 35. Qg4 Bg5 36. Bxg5 hxg5 37. Qxg5 d3 38. Qxg7# 1-0

[Event "European Blitz 2015"]
[Site "Minsk BLR"]
[Date "2015.12.18"]
[Round "9.23"]
[White "Bortnyk, Mykola"]
[Black "Przybylski, Wojciech"]
[Result "1-0"]
[WhiteTitle "IM"]
[BlackTitle "FM"]
[WhiteElo "2416"]
[BlackElo "2337"]
[WhiteFideId "14120836"]
[BlackFideId "1117599"]
[EventDate "2015.12.18"]
[EventType "swiss (blitz)"]

1. e4 e5 2. Nf3 Nf6 3. Nxe5 d6 4. Nf3 Nxe4 5. Qe2 Qe7 6. d3 Nf6 7. Nc3 Qxe2+ 8.
Bxe2 Be7 9. Bf4 O-O 10. O-O-O h6 11. Rhe1 a6 12. Nd4 Bd8 13. h3 Bd7 14. Bf3 Nc6
15. Nb3 Re8 16. Rxe8+ Bxe8 17. Re1 Kf8 18. a3 Bd7 19. d4 Be7 20. d5 Nd8 21. Nd4
Rc8 22. Kd2 Nh7 23. Be4 Nf6 24. Bf5 Bxf5 25. Nxf5 Ng8 26. Ne4 b6 27. c4 Nb7 28.
b4 Re8 29. Nd4 Bf6 30. Nc6 g5 31. Bg3 Bg7 32. f4 f5 33. Nc3 Bxc3+ 34. Kxc3 Rxe1
35. Bxe1 Nf6 36. fxg5 hxg5 37. Nd4 a5 38. Nxf5 axb4+ 39. axb4 Nd8 40. Kd3 Nf7
41. Bc3 Nd7 42. Ne3 Kg8 43. Ke4 Kh7 44. Kf5 Kh6 45. Ke6 Nde5 46. Bxe5 Nxe5 47.
Ng4+ 1-0

[Event "European Blitz 2015"]
[Site "Minsk BLR"]
[Date "2015.12.18"]
[Round "9.24"]
[White "Sarana, Alexey"]
[Black "Motylev, Alexander"]
[Result "0-1"]
[BlackTitle "GM"]
[WhiteElo "2432"]
[BlackElo "2653"]
[WhiteFideId "24133795"]
[BlackFideId "4121830"]
[EventDate "2015.12.18"]
[EventType "swiss (blitz)"]

1. Nf3 d5 2. g3 Bg4 3. Bg2 Nd7 4. O-O c6 5. d3 e5 6. h3 Bh5 7. Qe1 Bd6 8. e4 Ne7
9. exd5 cxd5 10. c4 Bg6 11. Qe2 O-O 12. Nh4 Rc8 13. Nxg6 hxg6 14. cxd5 Nf5 15.
Nc3 Bc5 16. Kh2 Nd4 17. Qd1 Re8 18. Be3 Nf6 19. Qa4 a6 20. Rac1 Qb6 21. Ne4 Nxe4
22. dxe4 Red8 23. b3 Qd6 24. Qc4 Rc7 25. Bxd4 exd4 26. f4 Bb6 27. Qd3 Rdc8 28.
e5 Qa3 29. Rxc7 Rxc7 30. d6 Rc3 31. Qd2 Qc5 32. d7 Rc2 33. Qd3 Qc6 34. Qf3 Qxd7
35. Re1 d3 36. a4 Qd4 37. e6 fxe6 38. Qxb7 d2 39. Rd1 Rc1 40. Qf3 Qg1+ 0-1

[Event "European Blitz 2015"]
[Site "Minsk BLR"]
[Date "2015.12.18"]
[Round "9.25"]
[White "Huzman, Alexander"]
[Black "Polivanov, Anatoliy"]
[Result "1/2-1/2"]
[WhiteTitle "GM"]
[BlackTitle "IM"]
[WhiteElo "2581"]
[BlackElo "2426"]
[WhiteFideId "2803828"]
[BlackFideId "14109468"]
[EventDate "2015.12.18"]
[EventType "swiss (blitz)"]

1. Nf3 g6 2. c4 Bg7 3. e4 d6 4. d4 Bg4 5. Be2 Nc6 6. Be3 e5 7. d5 Bxf3 8. Bxf3
Nd4 9. Bxd4 exd4 10. O-O Ne7 11. Nd2 O-O 12. Be2 f5 13. exf5 Nxf5 14. Bd3 Qh4
15. Nf3 Qf6 16. Qc2 Rae8 17. Rae1 Rxe1 18. Rxe1 Nh4 19. Nxh4 Qxh4 20. g3 Qf6 21.
f4 Qf7 22. Re6 Re8 23. Qe2 Rxe6 24. dxe6 Qe7 25. Qe4 Kf8 26. h4 c6 27. Kg2 Qf6
28. b4 Ke7 29. f5 Qxf5 30. Qxf5 gxf5 31. Bxf5 h6 32. Kf3 d3 33. b5 d2 34. Ke2
Be5 35. g4 Bf6 36. Kxd2 Bxh4 37. Kc3 c5 38. Kd3 Bg5 39. Ke4 Bf6 40. a4 Bc3 41.
Kd5 Bd2 42. Bg6 Bc3 43. Bf7 Bd2 44. Ke4 Kf6 45. Kd3 Be1 46. Ke2 Bc3 47. Kd3 Be1
48. Ke4 Bc3 49. Bg8 Be1 50. Kf3 Bc3 51. Kg3 Be1+ 52. Kh3 Bf2 53. Kg2 Be1 54. Kf3
Bc3 55. Ke4 Be1 56. Bh7 Kxe6 57. Bf5+ Ke7 58. Bc8 b6 59. Kd5 Kd8 60. Bf5 Kc7 61.
Ke4 1/2-1/2

[Event "European Blitz 2015"]
[Site "Minsk BLR"]
[Date "2015.12.18"]
[Round "9.26"]
[White "Girya, Olga"]
[Black "Zakhartsov, Vladimir"]
[Result "1/2-1/2"]
[WhiteTitle "WGM"]
[BlackTitle "IM"]
[WhiteElo "2456"]
[BlackElo "2462"]
[WhiteFideId "4195752"]
[BlackFideId "4145097"]
[EventDate "2015.12.18"]
[EventType "swiss (blitz)"]

1. d4 Nf6 2. c4 g6 3. Nc3 d5 4. Nf3 Bg7 5. e3 O-O 6. cxd5 Nxd5 7. Bc4 Nb6 8. Bb3
N8d7 9. O-O c5 10. Qe2 cxd4 11. exd4 Nf6 12. h3 Nbd5 13. Nxd5 Nxd5 14. Bg5 Be6
15. Rac1 Re8 16. Rc5 h6 17. Bd2 b6 18. Rc6 Nc7 19. Bxe6 Nxe6 20. Be3 Qd5 21. Qc4
Red8 22. Rc1 Nxd4 23. Bxd4 Bxd4 24. Qxd5 Rxd5 25. Nxd4 Rxd4 26. Rc8+ Rxc8 27.
Rxc8+ Kg7 28. Rc7 Rd1+ 29. Kh2 Rd2 30. Rxe7 a5 31. b3 Rxa2 32. Rb7 Rb2 33. Rxb6
a4 34. Ra6 axb3 35. Rb6 g5 36. Kg3 h5 37. Kf3 f6 38. g3 Kg6 39. h4 g4+ 40. Ke3
Rb1 41. Kf4 Rf1 42. Rxb3 Rxf2+ 43. Ke4 f5+ 44. Ke5 Rf3 45. Rb6+ Kg7 46. Rb7+ Kg6
47. Rb6+ Kg7 48. Rb7+ Kf8 49. Kf6 Ke8 50. Rh7 Rxg3 51. Kxf5 Rh3 1/2-1/2

[Event "European Blitz 2015"]
[Site "Minsk BLR"]
[Date "2015.12.18"]
[Round "9.27"]
[White "Razin, Vadim"]
[Black "Aliyev, Rasim"]
[Result "1-0"]
[WhiteElo "2345"]
[BlackElo "2213"]
[WhiteFideId "14119463"]
[BlackFideId "13401084"]
[EventDate "2015.12.18"]
[EventType "swiss (blitz)"]

1. d4 d5 2. Nf3 Nf6 3. c4 e6 4. Nc3 Nbd7 5. Bg5 c6 6. e3 Qa5 7. cxd5 Nxd5 8. Qd2
Bb4 9. Rc1 O-O 10. Bd3 Nxc3 11. bxc3 Ba3 12. Rb1 e5 13. O-O Re8 14. Qc2 h6 15.
Bh4 b6 16. Nd2 Ba6 17. Bc4 exd4 18. cxd4 Be7 19. Bxe7 Rxe7 20. Bxa6 Qxa6 21.
Qxc6 Rae8 22. Qc4 Qa5 23. Nf3 Nf6 24. Ne5 Qa3 25. h3 Ne4 26. Qc2 Nd6 27. Rfc1 f6
28. Ng6 Rd7 29. Qc6 Red8 30. Qd5+ Kh7 31. Nf4 Nf7 32. Qf5+ Kg8 33. Rc2 Nd6 34.
Qe6+ Nf7 35. Rbc1 Re7 36. Qf5 Nd6 37. Qh5 Ne4 38. Rc8 Rd7 1-0

[Event "European Blitz 2015"]
[Site "Minsk BLR"]
[Date "2015.12.18"]
[Round "9.28"]
[White "Efanov, Nikolai"]
[Black "Kovalenko, Igor"]
[Result "1/2-1/2"]
[WhiteTitle "IM"]
[BlackTitle "GM"]
[WhiteElo "2399"]
[BlackElo "2680"]
[WhiteFideId "4187997"]
[BlackFideId "14117908"]
[EventDate "2015.12.18"]
[EventType "swiss (blitz)"]

1. e4 e5 2. Nf3 Nc6 3. Bb5 Nf6 4. O-O Nxe4 5. Re1 Nd6 6. Nxe5 Be7 7. Bf1 O-O 8.
d4 Nf5 9. c3 Nxe5 10. Rxe5 d6 11. Re1 d5 12. Nd2 Bd6 13. Nf3 Nh4 14. Nxh4 Qxh4
15. g3 Qf6 16. Bg2 c6 17. Qf3 Bf5 18. Qh5 Bg6 19. Qg5 Rae8 20. Bd2 Qxg5 21. Bxg5
f6 22. Bd2 Bf5 23. Rxe8 Rxe8 24. Re1 Ra8 25. Bf1 Kf7 26. f3 h5 27. Kf2 a5 28. h4
a4 29. a3 b5 30. Be2 Rh8 31. Bf4 Be7 32. Rh1 Bc2 33. Ke3 Bb3 34. Kd2 Bc4 35. Bd1
c5 36. dxc5 Bxc5 37. Be3 Bd6 38. f4 g6 39. Bf3 Re8 40. Re1 Re7 41. Bd4 Rxe1 42.
Kxe1 Ke6 43. Kf2 Kf5 44. Bd1 Bd3 45. Ke3 Be4 46. Be2 g5 47. fxg5 fxg5 48. Kf2
gxh4 49. gxh4 Bf4 50. Bxb5 Kg4 51. Bf6 Bc1 52. c4 dxc4 53. Bxc4 Kf5 54. Bc3 Bf4
55. Bb5 Bc2 56. Bd7+ Kg6 57. Kf3 Bd6 58. Be8+ Kh6 59. Bd2+ Kg7 60. Bxh5 Be7 61.
Bc3+ Kh6 62. Bg4 Bxh4 63. Ke2 Be7 64. Kd2 Bb3 65. Bd7 Kg5 66. Be5 Kg6 67. Kc3
Kf7 68. Bb5 Bd1 69. Bc4+ Ke8 70. Bd4 Kd7 71. Bd3 Kc6 72. Kd2 Bb3 73. Be4+ Kb5
74. Kc3 Bh4 75. Bd3+ Ka5 76. Kd2 Bg5+ 77. Ke2 Bh6 78. Be4 Bc4+ 79. Kf3 Kb5 80.
Bc3 Bg5 81. Bc2 Be7 82. Ke3 Bc5+ 83. Kd2 Be7 84. Bf5 Bg5+ 85. Kc2 Bb3+ 86. Kd3
Bc4+ 87. Ke4 Bb3 88. Bd7+ Kc5 89. Bb4+ Kc4 90. Be6+ Kb5 91. Bxb3 axb3 92. Bc3
Ka4 93. Kd3 Be7 94. Kc4 Bxa3 95. bxa3 1/2-1/2

[Event "European Blitz 2015"]
[Site "Minsk BLR"]
[Date "2015.12.18"]
[Round "9.29"]
[White "Fomin, Taras"]
[Black "Short, Nigel D"]
[Result "0-1"]
[BlackTitle "GM"]
[WhiteElo "2312"]
[BlackElo "2684"]
[WhiteFideId "4120604"]
[BlackFideId "400025"]
[EventDate "2015.12.18"]
[EventType "swiss (blitz)"]

1. e4 e5 2. Nf3 Nc6 3. Nc3 Nf6 4. d4 exd4 5. Nxd4 Bb4 6. Nxc6 bxc6 7. Bd3 O-O 8.
O-O Re8 9. Qf3 Rb8 10. Bg5 h6 11. Bxf6 Qxf6 12. Qxf6 gxf6 13. a3 Bxc3 14. bxc3
d6 15. Rab1 Bd7 16. Rb3 c5 17. Rfb1 Rb6 18. f3 Ba4 19. Rxb6 axb6 20. Kf2 Ra8 21.
Ke3 Kf8 22. Kd2 Bc6 23. Ra1 Ke7 24. Kc1 Rg8 25. g3 f5 26. exf5 Bxf3 27. Kb2 Kf6
28. Rf1 Bc6 29. Rf4 Re8 30. Rh4 Kg5 31. h3 h5 32. Rf4 Re3 33. h4+ Kf6 34. g4
hxg4 35. Rxg4 d5 36. c4 d4 37. Rg8 Bd7 38. Rg5 Rh3 39. Rh5 Rf3 40. Kc1 Bxf5 41.
Bxf5 Rxf5 42. Rh6+ Kg7 43. Rc6 Rf3 44. Rxc7 Rxa3 45. Rc6 Rc3 46. Rxb6 d3 47. Kd2
dxc2 48. Kc1 Rxc4 49. h5 Rh4 50. Kxc2 Rxh5 51. Rb5 Re5 52. Kd3 Kg6 53. Rb8 f5
54. Rg8+ Kh5 55. Kc4 f4 56. Kd3 Kh4 57. Kc4 f3 58. Kd3 Kh3 59. Rh8+ Kg2 0-1

[Event "European Blitz 2015"]
[Site "Minsk BLR"]
[Date "2015.12.18"]
[Round "9.30"]
[White "Demidov, Mikhail"]
[Black "Kochetkov, German"]
[Result "1/2-1/2"]
[WhiteTitle "IM"]
[BlackTitle "IM"]
[WhiteElo "2485"]
[BlackElo "2338"]
[WhiteFideId "4197143"]
[BlackFideId "13500635"]
[EventDate "2015.12.18"]
[EventType "swiss (blitz)"]

1. d4 Nf6 2. Nf3 c5 3. dxc5 e6 4. Be3 Na6 5. g3 Nxc5 6. Bg2 d5 7. O-O Be7 8. c4
O-O 9. Nc3 dxc4 10. Ne5 Bd7 11. Nxc4 Bc6 12. Bxc6 bxc6 13. Qxd8 Rfxd8 14. Rac1
Rdc8 15. Ne5 Nd5 16. Bxc5 Bxc5 17. Na4 Bd4 18. Nxc6 Bf6 19. Rc2 Kf8 20. Rfc1 Rc7
21. e4 Nb6 22. Nxb6 axb6 23. e5 Bg5 24. f4 Bh6 25. a3 g5 26. Nd4 Rxc2 27. Rxc2
gxf4 28. g4 Ra5 29. Nf3 Bg7 30. Re2 Ke7 31. g5 h6 32. h4 hxg5 33. hxg5 Rd5 34.
Kg2 Rd3 35. Re4 Rb3 36. Re2 Kd7 37. Kf2 Rd3 38. Re4 Rb3 39. Re2 Bf8 40. Rd2+ Kc7
41. Kg2 Bc5 42. Rc2 Kb7 43. Rd2 Kc6 44. Rc2 Kd5 45. Re2 Rd3 46. Rc2 Ke4 47. Nd2+
Kf5 48. Nf3 Kg4 49. Nh2+ Kxg5 50. Nf3+ Kg4 51. Nh2+ Kf5 52. Nf3 Rb3 53. Re2 Rd3
54. Rc2 Ke4 55. Re2+ Be3 56. a4 Kd5 57. b4 Ra3 58. a5 bxa5 59. bxa5 Rxa5 60. Rc2
Ke4 61. Rc4+ Kf5 62. Rc7 Ra2+ 63. Kh3 Ke4 64. Ng5+ Kxe5 65. Rxf7 Ra1 66. Nf3+
Ke4 67. Ng5+ Kd5 68. Rd7+ Ke5 69. Nf3+ Ke4 70. Kg4 Ra8 71. Ng5+ Ke5 72. Re7 Ra6
73. Re8 Kf6 74. Rf8+ Kg7 75. Re8 Kf6 76. Rf8+ Kg6 77. Rg8+ Kf6 78. Rf8+ Ke7 79.
Rf7+ Kd6 80. Rf8 Ra2 81. Kf3 Rf2+ 82. Ke4 Re2 83. Kf3 Re1 84. Rd8+ Ke7 85. Ra8
Kf6 86. Ne4+ Kf5 87. Rf8+ Ke5 88. Ng5 Rf1+ 89. Ke2 Rf2+ 90. Kd3 Rd2+ 91. Kc3 Rg2
92. Nf3+ Ke4 93. Nh4 Bd4+ 94. Kc4 Rc2+ 95. Kb3 Rh2 96. Ng6 e5 97. Ne7 f3 98. Nf5
f2 99. Ng3+ Ke3 100. Kc4 Kd2 101. Nf1+ Ke1 102. Nxh2 Be3 103. Nf3+ Ke2 104. Nxe5
f1=Q 105. Rxf1 1/2-1/2